Statistics for Cartoon Character By Voice Actor

Click here to take the quiz!

General Stats

  • This quiz has been taken 7 times
  • The average score is 44 of 100

Answer Stats

CartoonCharacterActor% Correct
Toy StoryWoodyTom Hanks
100%
Spongebob SquarepantsPatrick StarBill Fagerbakke
86%
Spongebob SquarepantsMr. KrabsClancy Brown
86%
ShrekDonkeyEddie Murphy
86%
ShrekShrekMike Myers
86%
Spongebob SquarepantsPlankton, Larry the LobsterMr. Lawrence
86%
AladdinGenieRobin Williams
86%
Spongebob SquarepantsSquidwardRodger Bumpass
86%
Family GuyPeter Griffin, Stewie Griffin, Brian, Quagmire, Kool Aid GuySeth MacFarlane
86%
Toy StoryBuzz LightyearTim Allen
86%
Spongebob SquarepantsSpongebob Squarepants, NarratorTom Kenny
86%
Hotel TransylvaniaCount DraculaAdam Sandler
71%
Family GuyMayor Adam WestAdam West
71%
ShrekFionaCameron Diaz
71%
Scooby-DooFred JonesFrank Welker
71%
The Lion KingMufasaJames Earl Jones
71%
BatmanThe JokerMark Hamill
71%
The Lion KingSimbaMatthew Broderick
71%
CarsLightning McQueenOwen Wilson
71%
Hotel TransylvaniaMavisSelena Gomez
71%
Family GuyChris GriffinSeth Green
71%
American DadStan SmithSeth MacFarlane
71%
Despicable MeGruSteve Carell
71%
Spongebob SquarepantsSandy CheeksCarolyn Lawrence
57%
The Lego MovieEmmetChris Pratt
57%
The Lego MovieWyldstyleElizabeth Banks
57%
Fantastic Mr. FoxMr. FoxGeorge Clooney
57%
The Lion KingScarJeremy Irons
57%
Toy Story 2JessieJoan Cusack
57%
ShrekLord FarquaadJohn Lithgow
57%
CarsMaterLarry the Cable Guy
57%
Regular ShowSkipsMark Hamill
57%
Family GuyMeg GriffinMila Kunis
57%
The SimpsonsBart Simpson, Nelson Muntz, Todd FlandersNancy Cartwright
57%
Adventure TimeThe Ice King, GunterTom Kenny
57%
The Lion KingShenziWhoopi Goldberg
57%
MegamindMegamindWill Ferrell
57%
Hotel TransylvaniaJonathanAndy Samberg
43%
Phineas and FerbCandiceAshley Tisdale
43%
MegamindMetro ManBrad Pitt
43%
Teenage Mutant Ninja Turtles ( 80s )LeonardoCam Clarke
43%
Phineas and FerbDr. Heinz DoofenschmirtzDan Povenmire
43%
Phineas and FerbPerry the PlatypusDee Bradley Baker
43%
The SimpsonsApu, Chief WiggumHank Azaria
43%
Bride of ChuckyTiffanyJennifer Tilly
43%
Regular ShowMordecai/ Hi-Five GhostJ.G. Quintel
43%
Spongebob SquarepantsKarenJill Talley
43%
Adventure TimeJake the DogJohn DiMaggio
43%
MegamindTightenJonah Hill
43%
The SimpsonsMarge SimpsonJulie Kavner
43%
BatmanBatmanKevin Conroy
43%
Hotel TransylvaniaFrankensteinKevin James
43%
The Lego MovieGood Cop/ Bad CopLiam Neeson
43%
Scooby-DooShaggy RogersMatthew Lillard
43%
Fantastic Mr. FoxMrs. FoxMeryl Streep
43%
The Lego MovieVirtriviusMorgan Freeman
43%
Teenage Mutant Ninja Turtles ( 80s )RaphaelRob Paulsen
43%
Adventure TimeThe LitchRon Perlman
43%
MegamindRoxeanne RotchiTina Fey
43%
Teenage Mutant Ninja Turtles ( 80s )MichelangeloTownsend Coleman
43%
The Lego MovieLord BusinessWill Ferrell
43%
The SimpsonsLisa SimpsonYeardley Smith
43%
Family GuyLois GriffinAlex Borstein
29%
Teenage Mutant Ninja Turtles ( 80s )DonnatelloBarry Gordon
29%
Fantastic Mr. FoxBadgerBill Murray
29%
CarsSally CerreraBonnie Hunt
29%
Child's PlayChuckyBrad Dourif
29%
Star Wars: The Clone WarsClonetroopersDee Bradley Baker
29%
Transformers ( Series )MegatronFrank Welker
29%
The SimpsonsNed Flanders, Principal SkinnerHarry Shearer
29%
Teenage Mutant Ninja Turtles ( 80s )ShredderJames Avery
29%
Adventure TimeFinn the Human, Banana GuardsJeremy Shada
29%
The Lego MovieMetalbeardNick Offerman
29%
American DadDeputy Director Avery BullockPatrick Stewart
29%
Adventure TimeLumpy Space Princess, ShelbyPendleton Ward
29%
Transformers ( Series )Optimus PrimePeter Cullen
29%
American DadHaley D. Smith FischerRachel MacFarlane
29%
The Lion KingZazuRowan Atkinson
29%
Despicable MeDr. NefarioRussell Brand
29%
Regular ShowBenson, Muscle Man, PopsSam Marin
29%
American DadFrancine SmithWendy Schaal
29%
The Lego MovieUnikittyAlison Brie
14%
Phineas and FerbIsabelAlyson Stoner
14%
Star Wars: The Clone WarsAhsoka TanoAshley Eckstein
14%
The SimpsonsHomer Simpson, Groundskeeper WillieDan Castellenata
14%
Adventure TimePrincess BubblegumHynden Walch
14%
Star Wars: The Clone WarsObi-Wan KenobiJames Arnold Taylor
14%
Adventure TimeBillyLou Ferrigno
14%
Star Wars: The Clone WarsGeneral Grievous, Battle DroidsMatthew Wood
14%
Star Wars: The Clone WarsAnakin SkywalkerMatt Lanter
14%
The Cleveland ShowCleveland BrownMike Henry
14%
Adventure TimeMarceline the Vampire QueenOlivia Olsen
14%
CarsDoc HudsonPaul Newman
14%
Star Wars: The Clone WarsDarth MaulSam Witwer
14%
Star Wars: The Clone WarsYodaTom Kane
14%
Phineas and FerbPhineasVincent Martella
14%
Transformers ( Series )BumblebeeDan Gilvezan
0%
Teenage Mutant Ninja Turtles ( 80s )April O'NealRanae Jacobs
0%
American DadSteve SmithScott Grimes
0%
Phineas and FerbFerbThomas Brodie-Sangster
0%

Score Distribution

Percentile by Number Answered

Percent of People with Each Score

Your Score History

You have not taken this quiz